Statistics for Easy Football Quiz 2022

Click here to take the quiz!

General Stats

  • This quiz has been taken 183 times
  • The average score is 3 of 5

Answer Stats

QuestionAnswer% Correct
Which Football Team Has Won The Most UCL (Champions League) Trophies?Real Madrid
90%
Who Broke The 800-Goals Achievement?Ronaldo
83%
Vincent Kompany Scored A Screamer Against Leicester (True or False)True
76%
France Won The 2018 World Cup. Choose The Correct People Who Scored In The France vs Croatia Match.Mandzukic, Mbappe, Perisic, Pogba, Griezmann,
52%
Who is the best Burkinabe (Burkina Faso) currently in the world (bonus)Tapsoda
43%

Score Distribution

Percentile by Number Answered

Percent of People with Each Score

Your Score History

You have not taken this quiz